02020nam a2200301 a 4500001001000000005001700010041000800027044000700035084002000042100004500062245012700107260004700234300002200281500036400303500020400667500040500871500004001276500001001316546002701326650005201353650005601405650003401461650004501495700004101540700004501581700004201626740005001668BRCA_344620190320204303.0 apor apo a735b.S55c18771 aCervantes Saavedra, Miguel ded1547-161610aO Engenhoso Fidalgo D. Quichote de la Manchacpor Miguel de Cervantes Saavedra ; TraducÇáo do Visconde de Benalcanfor. aLisboabFrancisco Arthur da Silvac1877-78 a2 v.bil.c23 cm. aContenido : v.1. Primera parte. Retrato de Cervantes. Escudo de la edición príncipe. Dedicatoria del autor. Advertencia del editor. Versos preliminares. Vida de Cervantes por Aribau, traducida al portugués. Prólogo del autor. 1877. -- v.2. Segunda parte. Dedicatoria y prólogo del autor. Notas finales sobre Avellaneda y libros de caballería. 1878 aEdición : Ornada con 31 gravuras auxiliado para mais facil interpretaÇáo, comprohendendo a intercalada no texto por Luis Breton y Vedra. Desenhos de Manuel de Macedo gravuras de José Severini aBuena traducción de Benalcanfor y Breton y Vedra. Conserva el escudo de la edición príncipe con el mote: Post tenebras spero lucem, que los traductores atribuyen a Cervantes. Va precedida de una Vida de Cervantes, traducida de la que escribió Aribau, y proveída de notas. Los dibujos son obra de Macedo. La impresión es muy buena. Semipiel; lomeras adornadas con dorados Lúdovik Osterc aIncluye índice : De ilustraciones aQM576 aTexto en : portugués14aNovela españolayÉpoca clásica, 1500-170014aLiteratura españolayÉpoca clásica, 1500-170014aNovela españolaySiglo XVII14aDon Quijote (Personaje ficticio)eNovela1 aBreton y Vedra, Luisd1833-?eEditor1 aMacedo, Manuel ded1839-1915eIlustrador1 aSeverini, Joséd1852-1882eGrabador0 aEl Ingenioso Hidalgo Don Quijote de la Mancha